| 000 | 00786cam a2200265 4500 | ||
|---|---|---|---|
| 001 | 1718920 | ||
| 003 | OSt | ||
| 005 | 20230620115242.0 | ||
| 008 | 720814s1970 ko 000 0 eng | ||
| 010 | _a 72182369 | ||
| 040 |
_aDLC _cDLC _dDLC _dOCoLC _dDLC |
||
| 043 | _aa-ko--- | ||
| 082 | 0 | 0 |
_a320.95 _bHEE |
| 100 | 1 |
_aPark, Chung Hee, _d1917-1979. |
|
| 245 | 1 | 4 |
_aThe country, the revolution, and I, _cby Park Chung Hee. |
| 250 | _a[2d ed.] | ||
| 260 |
_aSeoul, _bHollym Corp. _c[1970] |
||
| 300 |
_a191 p. _c24 cm. |
||
| 350 | _a6.30 | ||
| 440 | 2 |
_aA New horizon in Asia, _v2 |
|
| 651 | 0 |
_aKorea (South) _xPolitics and government _y1960-1988. |
|
| 651 | 0 |
_aKorea (South) _xEconomic conditions _y1960-1988. |
|
| 906 |
_a7 _bcbc _corignew _d5 _encip _f19 _gy-gencatlg |
||
| 942 |
_2ddc _cBK |
||
| 999 |
_c1668 _d1668 |
||